000 00412nam a22001697a 4500
005 20160701110039.0
008 160701b xxu||||| |||| 00| 0 eng d
020 _a978-93-5014-213-6
041 _aeng
082 _b18163
100 _aSahasrabudha, S R
_93362
245 _aIrrigation Engineering
260 _bS.K. Kataria & Sons
_c2012
300 _a492
650 _aDiploma Engineering
_9817
942 _cBK
999 _c5025
_d5023